[Event "Foxwoods op 16th"]
[Site "Ledyard"]
[Date "2024.03.29"]
[Round "5"]
[White "Groff, Jordan"]
[Black "Wan, Joseph C"]
[Result "1/2-1/2"]
[WhiteElo "2039"]
[BlackElo "2187"]
[PlyCount "30"]
[EventDate "2024.03.27"]
[EventType "swiss"]
[EventRounds "9"]
[EventCountry "USA"]
[SourceTitle "CB14_2024"]
[SourceDate "2024.04.01"]
[SourceVersion "1"]
[SourceVersionDate "2024.04.01"]
[SourceQuality "1"]

1. Nf3 d5 2. e3 g6 3. c4 c6 4. Nc3 Bg7 5. d4 Nf6 6. Be2 0-0 7. 0-0 b6 8. cxd5 cxd5 9. a4 Bb7 10. b4 Ne4 11. Qb3 Nxc3 12. Qxc3 Nd7 13. Bb2 Rc8 14. Qb3 Nf6 15. Rfc1 Ne4 1/2-1/2

[Event "Titled Tuesday intern op 16th Jan Late"]
[Site "Chess.com INT"]
[Date "2024.01.16"]
[Round "11"]
[White "Kramnik, Vladimir"]
[Black "Wan, Joseph C"]
[Result "0-1"]
[WhiteElo "2753"]
[BlackElo "2212"]
[PlyCount "144"]
[EventDate "2024.01.16"]
[EventType "swiss (blitz)"]
[EventRounds "11"]
[EventCountry "USA"]
[SourceTitle "CB04_2024"]
[SourceDate "2023.10.16"]
[SourceVersion "1"]
[SourceVersionDate "2023.10.16"]
[SourceQuality "1"]

1. e4 e6 2. d4 d5 3. Nc3 Bb4 4. e5 c5 5. a3 Bxc3+ 6. bxc3 Ne7 7. h4 Qa5 8. Bd2 Qa4 9. h5 h6 10. Nf3 c4 11. Be2 Nbc6 12. Kf1 Bd7 13. Kg1 0-0-0 14. Bf4 b6 15. Qd2 Rdf8 16. Rh3 Kb7 17. Rg3 Nf5 18. Rg4 Rhg8 19. Nh2 Nce7 20. Bf3 Nc6 21. Nf1 Nce7 22. Ne3 Bc6 23. Bh2 Rd8 24. Rf4 g5 25. hxg6 Nxg6 26. Nxf5 Nxf4 27. Nd6+ Rxd6 28. exd6 Nh3+ 29. Kh1 Ng5 30. Bd1 Ne4 31. Qf4 f5 32. Qe3 Qa5 33. Bf3 Qxc3 34. Qxc3 Nxc3 35. Be5 Ne4 36. Kg1 Ng5 37. Bh5 Bd7 38. Kf1 Kc6 39. c3 Ne4 40. a4 Nxd6 41. a5 b5 42. f3 Rg5 43. g4 fxg4 44. Bxg4 Nf5 45. Bxf5 Rxf5 46. Kf2 h5 47. Rg1 b4 48. cxb4 Kb5 49. Ke3 Kxb4 50. Rg7 Bb5 51. Rxa7 Rg5 52. Rc7 Kxa5 53. Rc5 Kb4 54. Bd6 Ka4 55. Rc7 Rg8 56. Ra7+ Kb3 57. Rb7 Ka4 58. Ra7+ Kb3 59. Rb7 Ka4 60. Kd2 c3+ 61. Kxc3 Rc8+ 62. Kd2 Ba6 63. Rh7 Rc4 64. Ke3 Rc3+ 65. Kf2 Bd3 66. Rxh5 Kb3 67. Re5 Bf5 68. Bc5 Rc2+ 69. Kg3 Kc4 70. Kf4 Kd3 71. Re3+ Kc4 72. Ra3 Rc3 0-1

[Event "Titled Tuesday intern op 16th Jan Late"]
[Site "Chess.com INT"]
[Date "2024.01.16"]
[Round "10"]
[White "Wan, Joseph C"]
[Black "Kamsky, Gata"]
[Result "1/2-1/2"]
[WhiteElo "2212"]
[BlackElo "2623"]
[PlyCount "92"]
[EventDate "2024.01.16"]
[EventType "swiss (blitz)"]
[EventRounds "11"]
[EventCountry "USA"]
[SourceTitle "CB04_2024"]
[SourceDate "2023.10.16"]
[SourceVersion "1"]
[SourceVersionDate "2023.10.16"]
[SourceQuality "1"]

1. d4 f5 2. h3 d5 3. g4 fxg4 4. hxg4 Bxg4 5. Nc3 Nf6 6. Qd3 Nc6 7. Bf4 Qd7 8. Bh3 Nb4 9. Qd2 0-0-0 10. a3 Nc6 11. Nb5 a6 12. Nxc7 Bxh3 13. Nxh3 e5 14. dxe5 Ne4 15. e6 Qe7 16. Qe3 Qf6 17. 0-0-0 Bc5 18. Qb3 d4 19. Kb1 Bd6 20. Nd5 Qf5 21. Nb6+ Kc7 22. Bxd6+ Rxd6 23. Nc4 Rxe6 24. Qd3 Rf8 25. f3 Ng3 26. Qxf5 Rxf5 27. Rhg1 Nxe2 28. Rxg7+ Kb8 29. Ng5 Rg6 30. Rxg6 hxg6 31. Ne4 Rxf3 32. Rh1 Rf8 33. Ncd6 Nf4 34. Rh7 Ne6 35. Rxb7+ Ka8 36. Nd2 Ne5 37. Re7 Rf6 38. Ka2 Nc6 39. Rh7 Nc5 40. N2c4 Na4 41. b3 Nc3+ 42. Kb2 Nd5 43. Rh8+ Ka7 44. Rh7+ Ka8 45. Rh8+ Ka7 46. Rh7+ Ka8 1/2-1/2

[Event "Charlotte CCCSA Fall IM-D"]
[Site "Charlotte"]
[Date "2023.11.18"]
[Round "3"]
[White "Wan, Joseph C"]
[Black "Dukic, Zachary"]
[Result "1/2-1/2"]
[WhiteElo "2242"]
[BlackElo "2233"]
[PlyCount "97"]
[EventDate "2023.11.17"]
[EventType "tourn"]
[EventRounds "9"]
[EventCountry "USA"]
[SourceTitle "CB48_2023"]
[SourceDate "2023.11.29"]
[SourceVersion "1"]
[SourceVersionDate "2023.11.29"]
[SourceQuality "1"]

1. d4 Nf6 2. Nf3 d5 3. Bf4 Bf5 4. c4 e6 5. Nc3 dxc4 6. e3 Nd5 7. Bxc4 Nxf4 8. exf4 c6 9. Ne5 Bd6 10. 0-0 0-0 11. Re1 Nd7 12. Qb3 Nb6 13. Bf1 a5 14. a3 a4 15. Qd1 Bc7 16. g3 Qd6 17. Ne4 Bxe4 18. Rxe4 Rfd8 19. Nf3 Nd7 20. Qc2 Nf6 21. Ree1 Ba5 22. Red1 Bb6 23. Bg2 Ra5 24. Rac1 Qb8 25. b4 axb3 26. Qxb3 Qa7 27. Rb1 Rb5 28. Qa2 Rxb1 29. Qxb1 g6 30. h3 Rd5 31. Rd3 Rb5 32. Rb3 Rxb3 33. Qxb3 Nd5 34. Bf1 Kg7 35. Kg2 Ne7 36. Bd3 Bc7 37. a4 Bb6 38. Qb2 Nd5 39. Bc4 Nf6 40. Bf1 Kg8 41. Bd3 Ba5 42. Qe2 Bc7 43. Bc4 Nd5 44. Bxd5 cxd5 45. Qb5 Qb8 46. h4 Kg7 47. Ng5 h6 48. Nf3 Bd6 49. Ne5 1/2-1/2

[Event "American Continental 17th"]
[Site "Juan Dolio"]
[Date "2023.05.19"]
[Round "7"]
[White "Wan, Joseph C"]
[Black "Ostrovskiy, Aleksandr A"]
[Result "1/2-1/2"]
[WhiteElo "2167"]
[BlackElo "2394"]
[PlyCount "49"]
[EventDate "2023.05.15"]
[EventType "swiss"]
[EventRounds "11"]
[EventCountry "DOM"]
[SourceTitle "CBM 214 Extra"]
[Source "ChessBase"]
[SourceDate "2023.07.31"]
[SourceVersion "1"]
[SourceVersionDate "2023.07.31"]
[SourceQuality "1"]

1. e4 c6 2. Nf3 d5 3. d3 Qc7 4. exd5 cxd5 5. c4 Nf6 6. Nc3 dxc4 7. dxc4 a6 8. Be2 e6 9. Bg5 Be7 10. 0-0 0-0 11. Re1 b6 12. Bh4 Rd8 13. Qc2 Bb7 14. Rad1 Rxd1 15. Rxd1 Nbd7 16. Bg3 Qc6 17. Qa4 Qxa4 18. Nxa4 Bc6 19. Nc3 Rc8 20. a3 Kf8 21. Ne5 Nxe5 22. Bxe5 Nd7 23. Bd4 Bc5 24. Bxc5+ Nxc5 25. f3 1/2-1/2

[Event "North American op 32nd"]
[Site "Las Vegas"]
[Date "2022.12.28"]
[Round "6"]
[White "Wan, Joseph C"]
[Black "Atwell, Rose"]
[Result "1/2-1/2"]
[WhiteElo "2153"]
[BlackElo "1956"]
[PlyCount "125"]
[EventDate "2022.12.26"]
[EventType "swiss"]
[EventRounds "9"]
[EventCountry "USA"]
[SourceTitle "CBM 211 Extra"]
[Source "ChessBase"]
[SourceDate "2023.01.31"]
[SourceVersion "1"]
[SourceVersionDate "2023.01.31"]
[SourceQuality "1"]

1. Nf3 d5 2. b3 Nf6 3. Bb2 c5 4. e3 Nc6 5. d4 Bg4 6. Nbd2 e6 7. h3 Bxf3 8. Nxf3 Bd6 9. Be2 0-0 10. 0-0 cxd4 11. Nxd4 e5 12. Nxc6 bxc6 13. c4 Qe7 14. cxd5 cxd5 15. Rc1 Ba3 16. Qd2 Bxb2 17. Qxb2 Rfd8 18. Bf3 e4 19. Be2 Nd7 20. Rfd1 Ne5 21. Qd4 Rd6 22. Rc5 Rad8 23. Rdc1 h6 24. Rc8 Qg5 25. Rxd8+ Rxd8 26. h4 Qf5 27. Qxa7 d4 28. Qc7 Qf6 29. exd4 Rxd4 30. Qc3 Qd6 31. Qc5 Qf6 32. Qc3 Qd6 33. a4 Rd2 34. Qc8+ Kh7 35. Qf5+ g6 36. Qxe4 Rd4 37. Qe3 Rxh4 38. g3 Rd4 39. a5 Qd5 40. a6 Re4 41. Bf3 Nxf3+ 42. Qxf3 Re1+ 43. Rxe1 Qxf3 44. a7 Qc3 45. a8Q Qxe1+ 46. Kg2 Qb4 47. Qd5 Kg7 48. Kf3 Kf6 49. Qc6+ Ke7 50. Qa4 Qc3+ 51. Kg2 Qd3 52. b4 Qe4+ 53. Kh2 Qd4 54. Kg1 h5 55. Qa5 Kd7 56. Qb5+ Kc7 57. Qe8 Qd1+ 58. Kh2 Qf3 59. Qe7+ Kb8 60. Qc5 h4 61. Qf8+ Kb7 62. Qe7+ Kb8 63. Qf8+ 1/2-1/2

[Event "Titled Tuesday intern op 08th Nov Late"]
[Site "Chess.com INT"]
[Date "2022.11.08"]
[Round "5"]
[White "Hryzlova, Sofiia"]
[Black "Wan, Joseph C"]
[Result "1-0"]
[WhiteElo "2092"]
[BlackElo "2153"]
[PlyCount "121"]
[EventDate "2022.11.08"]
[EventType "swiss (blitz)"]
[EventRounds "11"]
[EventCountry "USA"]
[SourceTitle "EXT 2024"]
[Source "ChessBase"]
[SourceDate "2023.10.10"]
[SourceVersion "1"]
[SourceVersionDate "2023.10.10"]
[SourceQuality "1"]

1. e4 g6 2. d4 Bg7 3. Nc3 d6 4. Be3 a6 5. Nf3 b5 6. Bd3 Nd7 7. 0-0 Bb7 8. Ne2 c5 9. c3 Ngf6 10. Ng3 0-0 11. h3 e5 12. d5 c4 13. Bc2 Qc7 14. Qd2 a5 15. Bh6 Nc5 16. Rfe1 Rfe8 17. Qg5 Bh8 18. Qh4 Nfd7 19. Nf5 Nb6 20. Ng5 f6 21. Re3 fxg5 22. Bxg5 Bg7 23. Rg3 Rf8 24. Ne7+ Kf7 25. Qxh7 Qxe7 26. Bxe7 Kxe7 27. Qxg7+ Rf7 28. Qxg6 Raf8 29. Rf1 Nbd7 30. h4 b4 31. cxb4 axb4 32. h5 Nf6 33. h6 Rg8 34. Qf5 Rh8 35. Rg6 Bc8 36. Qg5 b3 37. Rxf6 Rxf6 38. Qg7+ Rf7 39. Qxh8 bxc2 40. Qxc8 Nd3 41. h7 Rxf2 42. Qxc4 Rxf1+ 43. Kxf1 c1Q+ 44. Qxc1 Nxc1 45. h8Q Nd3 46. Qg7+ Kd8 47. Qf6+ Kd7 48. Qe6+ Kc7 49. Qe7+ Kc8 50. Qxd6 Nxb2 51. Qxe5 Nd3 52. Qc3+ Nc5 53. Qxc5+ Kd7 54. Qc6+ Ke7 55. a4 Kf7 56. a5 Ke7 57. a6 Kd8 58. a7 Ke7 59. a8Q Kf7 60. Qe6+ Kg7 61. Qag8# 1-0

[Event "Titled Tuesday intern op 08th Nov Late"]
[Site "Chess.com INT"]
[Date "2022.11.08"]
[Round "2"]
[White "Wan, Joseph C"]
[Black "Rosenberg, Evan"]
[Result "1-0"]
[WhiteElo "2153"]
[BlackElo "1964"]
[PlyCount "71"]
[EventDate "2022.11.08"]
[EventType "swiss (blitz)"]
[EventRounds "11"]
[EventCountry "USA"]
[SourceTitle "EXT 2024"]
[Source "ChessBase"]
[SourceDate "2023.10.10"]
[SourceVersion "1"]
[SourceVersionDate "2023.10.10"]
[SourceQuality "1"]

1. d4 d5 2. Bf4 c5 3. e4 dxe4 4. d5 Nf6 5. Nc3 a6 6. Qe2 g6 7. f3 Bg7 8. fxe4 0-0 9. 0-0-0 Bg4 10. Nf3 Qa5 11. e5 Nh5 12. Bd2 Nd7 13. Qe4 Bxf3 14. gxf3 Nxe5 15. Kb1 Qb4 16. Qe2 Nf4 17. Qe3 g5 18. h4 f6 19. a3 Qd4 20. Bc1 Qxe3 21. Bxe3 Nxf3 22. Bxc5 Rfe8 23. Bc4 Ne5 24. Bb3 Kh8 25. Ne4 Rac8 26. Bb4 h6 27. hxg5 fxg5 28. Nxg5 Rf8 29. Bxe7 Rf5 30. Ne4 Kh7 31. Nd6 Rff8 32. Nxc8 Rxc8 33. d6 Nd7 34. Rhf1 Ng6 35. Be6 Ngf8 36. Bxf8 1-0

[Event "Titled Tuesday intern op 08th Nov Late"]
[Site "Chess.com INT"]
[Date "2022.11.08"]
[Round "8"]
[White "Wan, Joseph C"]
[Black "Winterberg, Lukas"]
[Result "0-1"]
[WhiteElo "2153"]
[BlackElo "2394"]
[PlyCount "136"]
[EventDate "2022.11.08"]
[EventType "swiss (blitz)"]
[EventRounds "11"]
[EventCountry "USA"]
[SourceTitle "EXT 2024"]
[Source "ChessBase"]
[SourceDate "2023.10.10"]
[SourceVersion "1"]
[SourceVersionDate "2023.10.10"]
[SourceQuality "1"]

1. d4 Nf6 2. Bf4 d5 3. e3 c5 4. Nf3 Nc6 5. Nbd2 cxd4 6. exd4 Bf5 7. c3 e6 8. Qb3 Bd6 9. Bg3 0-0 10. Be2 Ne4 11. Nxe4 Bxe4 12. Qxb7 Bxg3 13. hxg3 Qd6 14. Qa6 Rab8 15. b4 Rb6 16. Qa4 Rc8 17. Qb3 Ne7 18. 0-0 Rbc6 19. Rac1 Qc7 20. Qa3 Nf5 21. Ba6 Rb8 22. Ne5 Rcb6 23. f3 Nxg3 24. fxe4 Nxf1 25. Rxf1 f6 26. Nd3 dxe4 27. Nc5 Qc6 28. Bc4 Re8 29. Qxa7 Rbb8 30. Qd7 Qxd7 31. Nxd7 Ra8 32. Nc5 Kf7 33. Nxe4 Ke7 34. Nc5 Kd6 35. a4 e5 36. dxe5+ Rxe5 37. Rd1+ Ke7 38. Rd7+ Kf8 39. Ne6+ Ke8 40. Rxg7 Rxa4 41. Bb5+ Rxb5 42. Nc7+ Kf8 43. Nxb5 Kxg7 44. Kf2 f5 45. Kf3 Kf6 46. Kf4 Ra2 47. g3 Rf2+ 48. Ke3 Rb2 49. Nd4 Ke5 50. Nf3+ Kd5 51. Kd3 h5 52. Nd4 Ke5 53. Nf3+ Kf6 54. Kc4 Rg2 55. b5 Rxg3 56. Nd4 h4 57. b6 h3 58. b7 Rg8 59. Nf3 f4 60. Kc5 Kf5 61. Kc6 Kg4 62. Nh2+ Kg3 63. Nf1+ Kg2 64. Nd2 h2 65. Kc7 h1Q 66. Ne4 Rg7+ 67. Kc8 Rxb7 68. Kxb7 Qc1 0-1

[Event "Titled Tuesday intern op 13th Sep Late"]
[Site "Chess.com INT"]
[Date "2022.09.13"]
[Round "6"]
[White "Wan, Joseph C"]
[Black "Putnam, Liam H"]
[Result "1-0"]
[WhiteElo "2153"]
[BlackElo "2196"]
[PlyCount "135"]
[EventDate "2022.09.13"]
[EventType "swiss (blitz)"]
[EventRounds "11"]
[EventCountry "USA"]
[SourceTitle "EXT 2023"]
[Source "ChessBase"]
[SourceDate "2022.10.05"]
[SourceVersion "1"]
[SourceVersionDate "2022.10.05"]
[SourceQuality "1"]

1. d4 Nf6 2. Bf4 g6 3. e3 Bg7 4. Nf3 0-0 5. Be2 b6 6. 0-0 Bb7 7. c4 d6 8. h3 Nbd7 9. Nc3 Re8 10. d5 e5 11. Bg5 h6 12. Bh4 a5 13. Qc2 Nc5 14. b3 Bc8 15. e4 g5 16. Bg3 g4 17. hxg4 Bxg4 18. Nh4 Bd7 19. a3 a4 20. b4 Nb3 21. Rad1 Nd4 22. Qd2 Ng4 23. Bxg4 Bxg4 24. f3 Bd7 25. Bf2 Qg5 26. Qd3 Bf6 27. Ne2 Nb3 28. g3 Kh8 29. Kg2 Rg8 30. Rh1 Rg7 31. Be3 Qxh4 32. Rxh4 Bxh4 33. Rh1 Bg5 34. Bxg5 Rxg5 35. Rxh6+ Kg7 36. Rh4 Rg8 37. Kf2 Kf8 38. Rh7 Be8 39. Qe3 Bd7 40. Ke1 Ke7 41. Kd1 Nd4 42. g4 Nb3 43. Kc2 b5 44. c5 R8g6 45. c6 Be8 46. Nc3 Nd4+ 47. Kb2 Rg8 48. Ne2 Nxe2 49. Qxe2 Kf8 50. Qxb5 f5 51. Qb7 fxe4 52. Qxc7 R5g7 53. Rxg7 Rxg7 54. Qxd6+ Kg8 55. fxe4 Rf7 56. Qe6 Kf8 57. Qd6+ Kg7 58. Qxe5+ Kf8 59. c7 Rf2+ 60. Kc3 Rf3+ 61. Kd2 Bd7 62. Qd6+ Ke8 63. Qe5+ Kf8 64. d6 Bxg4 65. Qe7+ Kg8 66. Qe8+ Kg7 67. c8Q Bxc8 68. Qxc8 1-0

[Event "Titled Tuesday intern op 13th Sep Late"]
[Site "Chess.com INT"]
[Date "2022.09.13"]
[Round "7"]
[White "Wan, Joseph C"]
[Black "Zhigalko, Sergei"]
[Result "1-0"]
[WhiteElo "2153"]
[BlackElo "2572"]
[PlyCount "77"]
[EventDate "2022.09.13"]
[EventType "swiss (blitz)"]
[EventRounds "11"]
[EventCountry "USA"]
[SourceTitle "EXT 2023"]
[Source "ChessBase"]
[SourceDate "2022.10.05"]
[SourceVersion "1"]
[SourceVersionDate "2022.10.05"]
[SourceQuality "1"]

1. d4 Nf6 2. Bf4 e6 3. e3 d5 4. Nf3 Bd6 5. Nbd2 0-0 6. Bg3 b6 7. Bd3 Bb7 8. c3 c5 9. Ne5 Nc6 10. f4 Ne7 11. Qf3 Nf5 12. Bf2 Be7 13. g4 Nd6 14. 0-0 Nfe4 15. Qe2 f6 16. Nef3 c4 17. Bc2 b5 18. a4 a6 19. Kg2 Qb6 20. a5 Qc7 21. h4 Rab8 22. h5 b4 23. cxb4 Bc6 24. Rfc1 Rxb4 25. h6 Rxb2 26. hxg7 Rfb8 27. Nxe4 Nxe4 28. Qf1 Kxg7 29. Nh4 Bb4 30. Bxe4 Bd2 31. Rc2 dxe4 32. Qxc4 R8b4 33. Qxe6 Rxc2 34. Nf5+ Kf8 35. Qxf6+ Ke8 36. Qh8+ Kd7 37. Rh1 Bb5 38. Rxh7+ Kc6 39. Qa8+ 1-0

[Event "Titled Tuesday intern op 06th Sep Late"]
[Site "Chess.com INT"]
[Date "2022.09.06"]
[Round "8"]
[White "Paravyan, David"]
[Black "Wan, Joseph C"]
[Result "1-0"]
[WhiteElo "2592"]
[BlackElo "2153"]
[PlyCount "91"]
[EventDate "2022.09.06"]
[EventType "swiss (blitz)"]
[EventRounds "11"]
[EventCountry "USA"]
[SourceTitle "EXT 2023"]
[Source "ChessBase"]
[SourceDate "2022.10.05"]
[SourceVersion "1"]
[SourceVersionDate "2022.10.05"]
[SourceQuality "1"]

1. e4 e6 2. d4 d5 3. Nc3 Bb4 4. e5 c5 5. a3 Bxc3+ 6. bxc3 Ne7 7. Qg4 Qc7 8. Qxg7 Rg8 9. Qxh7 cxd4 10. Rb1 Qxe5+ 11. Ne2 dxc3 12. h4 Nd7 13. Bf4 Qf6 14. Bg5 Qe5 15. Qd3 b6 16. Qxc3 Ba6 17. Rh3 Qxc3+ 18. Rxc3 Nc5 19. Ng3 Bxf1 20. Kxf1 Kd7 21. Rxc5 Rxg5 22. hxg5 bxc5 23. Rb7+ Kd6 24. Nh5 e5 25. Nf6 Ke6 26. g4 Rc8 27. Rxa7 c4 28. Nh5 d4 29. Ng7+ Kd6 30. Ke2 e4 31. Kd1 d3 32. Ra6+ Kd5 33. Nh5 Kd4 34. Nf6 Rb8 35. Rd6+ Ke5 36. Rd7 Ng6 37. Rxf7 Rb1+ 38. Kd2 Rb2 39. Rg7 Rxc2+ 40. Kd1 Nf4 41. Re7+ Ne6 42. Nxe4 Kxe4 43. Rxe6+ Kd4 44. g6 Rxf2 45. g7 Rh2 46. g8Q 1-0

[Event "Titled Tuesday intern op 06th Sep Late"]
[Site "Chess.com INT"]
[Date "2022.09.06"]
[Round "5"]
[White "Solon, Nathan"]
[Black "Wan, Joseph C"]
[Result "0-1"]
[WhiteElo "2306"]
[BlackElo "2153"]
[PlyCount "50"]
[EventDate "2022.09.06"]
[EventType "swiss (blitz)"]
[EventRounds "11"]
[EventCountry "USA"]
[SourceTitle "EXT 2023"]
[Source "ChessBase"]
[SourceDate "2022.10.05"]
[SourceVersion "1"]
[SourceVersionDate "2022.10.05"]
[SourceQuality "1"]

1. e4 e6 2. d3 d5 3. Nd2 Nf6 4. Ngf3 b6 5. c3 Be7 6. e5 Nfd7 7. Qa4 0-0 8. Qg4 c5 9. d4 Nc6 10. Bd3 f5 11. exf6 Nxf6 12. Qh4 cxd4 13. Nxd4 Ne5 14. Bc2 Ba6 15. Nxe6 Qd6 16. Nxf8 Rxf8 17. Nf3 Bd3 18. Bd1 Nfg4 19. Qg3 Qe6 20. Nxe5 Nxe5 21. Be3 Nc4 22. Bg4 Qe4 23. Bf3 Qf5 24. 0-0-0 Bb1 25. Bxd5+ Kh8 0-1

[Event "Titled Tuesday intern op 06th Sep Late"]
[Site "Chess.com INT"]
[Date "2022.09.06"]
[Round "6"]
[White "Wan, Joseph C"]
[Black "Tang, Andrew"]
[Result "0-1"]
[WhiteElo "2153"]
[BlackElo "2539"]
[PlyCount "128"]
[EventDate "2022.09.06"]
[EventType "swiss (blitz)"]
[EventRounds "11"]
[EventCountry "USA"]
[SourceTitle "EXT 2023"]
[Source "ChessBase"]
[SourceDate "2022.10.05"]
[SourceVersion "1"]
[SourceVersionDate "2022.10.05"]
[SourceQuality "1"]

1. e4 e5 2. Nf3 Nc6 3. Bc4 Nf6 4. d3 h6 5. c3 d6 6. Nbd2 g5 7. h3 Bg7 8. Nf1 d5 9. exd5 Nxd5 10. Ng3 0-0 11. Nh5 Bh8 12. h4 Nf4 13. hxg5 hxg5 14. Nxf4 exf4 15. Kf1 Bg4 16. d4 Qf6 17. Bd3 Rfe8 18. Qc2 Re7 19. Bd2 Rae8 20. b4 Bg7 21. b5 Nd8 22. Ne5 Rxe5 23. dxe5 Rxe5 24. f3 Bd7 25. a4 Ne6 26. Re1 Rc5 27. Qd1 c6 28. bxc6 Bxc6 29. Qe2 Bxa4 30. Rh5 Bc6 31. c4 a5 32. Bc1 Qc3 33. Bh7+ Kf8 34. Rd1 Qxc4 35. Ba3 Qxe2+ 36. Kxe2 Bb5+ 37. Kd2 Bc3+ 38. Kc1 Bb4+ 39. Kb2 Ba4 40. Bxb4 axb4 41. Rd2 Re5 42. Be4 b6 43. Rh8+ Ke7 44. Rh1 Nc5 45. Bd5 Bb5 46. Rh7 Nd3+ 47. Rxd3 Bxd3 48. Rxf7+ Kd6 49. Bb3 Re2+ 50. Kc1 Rxg2 51. Rf6+ Kc5 52. Re6 Kd4 53. Rc6 g4 54. fxg4 f3 55. Bd5 Kxd5 56. Rf6 Ke4 57. g5 Rxg5 58. Re6+ Kd4 59. Kd2 Rg2+ 60. Kd1 b3 61. Re1 Kc3 62. Re4 Rg1+ 63. Re1 Bc2+ 64. Kc1 b2# 0-1

[Event "Titled Tuesday intern op 23rd Aug Late"]
[Site "Chess.com INT"]
[Date "2022.08.23"]
[Round "5"]
[White "Wan, Joseph C"]
[Black "Lorenzo de la Riva, Lazaro"]
[Result "1-0"]
[WhiteElo "2149"]
[BlackElo "2430"]
[PlyCount "145"]
[EventDate "2022.08.23"]
[EventType "swiss (blitz)"]
[EventRounds "11"]
[EventCountry "USA"]
[SourceTitle "EXT 2023"]
[Source "ChessBase"]
[SourceDate "2022.10.05"]
[SourceVersion "1"]
[SourceVersionDate "2022.10.05"]
[SourceQuality "1"]

1. d4 e6 2. Bf4 c5 3. e3 Nf6 4. Nf3 Nh5 5. Bg5 Qb6 6. Nc3 h6 7. Bh4 g5 8. Ne5 Ng7 9. Bg3 Nf5 10. Nc4 Qd8 11. dxc5 Nxg3 12. hxg3 Bxc5 13. Ne4 Be7 14. Ncd6+ Kf8 15. Qd4 Rh7 16. 0-0-0 Nc6 17. Qc3 f5 18. Nc5 Bxd6 19. Rxd6 Qe7 20. Qd2 b6 21. Nxe6+ dxe6 22. Rxc6 Bb7 23. Rc3 Rd8 24. Rd3 Rxd3 25. Qxd3 Qc7 26. Be2 Be4 27. Qa3+ Kg8 28. Bd3 Bxg2 29. Rd1 Bf3 30. Rd2 h5 31. Qa4 Bd5 32. Qe8+ Kg7 33. Bxf5 Qf7 34. Qxf7+ Kxf7 35. Bxh7 Bf3 36. Bd3 h4 37. gxh4 gxh4 38. Be2 Bg2 39. Bg4 Kf6 40. f3 h3 41. Bxh3 Bxh3 42. Rd7 a5 43. Rb7 Bg2 44. Rxb6 Bxf3 45. Kd2 Bd5 46. a3 a4 47. Ra6 Bb7 48. Rxa4 Ke5 49. Rb4 Bc6 50. Kd3 Bd5 51. Rb5 Kd6 52. Rxd5+ Kxd5 53. c4+ Kc5 54. Kc3 Kb6 55. b4 Kc6 56. Kd4 Kd6 57. e4 e5+ 58. Kd3 Kc6 59. c5 Kb5 60. Kc3 Ka4 61. Kc4 Kxa3 62. c6 Kb2 63. c7 Kc2 64. c8Q Kd2 65. Qe6 Ke3 66. Qxe5 Kf3 67. Qd5 Ke3 68. e5 Kf4 69. e6 Kg4 70. e7 Kf4 71. e8Q Kg4 72. Qg6+ Kf4 73. Qde4# 1-0

[Event "Titled Tuesday intern op 16th Aug Early"]
[Site "Chess.com INT"]
[Date "2022.08.16"]
[Round "10"]
[White "Gonzalez Vega, Alejandro"]
[Black "Wan, Joseph C"]
[Result "0-1"]
[WhiteElo "2092"]
[BlackElo "2149"]
[PlyCount "80"]
[EventDate "2022.08.16"]
[EventType "swiss (blitz)"]
[EventRounds "11"]
[EventCountry "USA"]
[SourceTitle "EXT 2023"]
[Source "ChessBase"]
[SourceDate "2022.10.05"]
[SourceVersion "1"]
[SourceVersionDate "2022.10.05"]
[SourceQuality "1"]

1. e4 g6 2. d4 Bg7 3. Nc3 d6 4. h4 h5 5. Be2 a6 6. Be3 b5 7. a3 Nd7 8. Qd2 Bb7 9. f3 Rc8 10. Nh3 c5 11. Ng5 Ngf6 12. Rd1 cxd4 13. Bxd4 0-0 14. 0-0 Nb6 15. Rfe1 Nc4 16. Bxc4 Rxc4 17. Be3 Nd7 18. Qf2 Ne5 19. Bd4 Qc8 20. Rd2 Qd7 21. b3 Rc7 22. Nd5 Bxd5 23. exd5 Rfc8 24. Ree2 a5 25. Ne4 a4 26. Kh2 Qf5 27. Ng5 Qf4+ 28. Qg3 Qf5 29. Ne4 Ra8 30. Nc3 axb3 31. cxb3 Bh6 32. Nxb5 Bf4 33. Nxc7 Bxg3+ 34. Kxg3 Rxa3 35. Kf2 Rxb3 36. Ne8 Nxf3 37. gxf3 Rxf3+ 38. Kg1 Rf1+ 39. Kg2 Qf3+ 40. Kh2 Rh1# 0-1

[Event "Titled Tuesday intern op 09th Aug Late"]
[Site "Chess.com INT"]
[Date "2022.08.09"]
[Round "4"]
[White "Golubev, Mikhail"]
[Black "Wan, Joseph C"]
[Result "0-1"]
[WhiteElo "2461"]
[BlackElo "2149"]
[PlyCount "60"]
[EventDate "2022.08.09"]
[EventType "swiss (blitz)"]
[EventRounds "11"]
[EventCountry "USA"]
[SourceTitle "EXT 2023"]
[Source "ChessBase"]
[SourceDate "2022.10.05"]
[SourceVersion "1"]
[SourceVersionDate "2022.10.05"]
[SourceQuality "1"]

1. e4 e6 2. Nc3 d5 3. d4 Bb4 4. e5 c5 5. a3 Bxc3+ 6. bxc3 Ne7 7. a4 Qa5 8. Bd2 Nbc6 9. Nf3 Bd7 10. Bb5 c4 11. 0-0 0-0-0 12. Re1 f6 13. Qc1 Qc7 14. exf6 gxf6 15. Bf4 Qa5 16. Qa3 a6 17. Bxc6 Nxc6 18. Qd6 Rhe8 19. Rab1 e5 20. dxe5 Bg4 21. Qxf6 Bxf3 22. gxf3 Qxc3 23. Qxc6+ bxc6 24. e6 Qg7+ 25. Kf1 Qa7 26. Rb2 Rf8 27. Bg3 Rxf3 28. e7 Re8 29. Re6 Kd7 30. Rd6+ Kxe7 0-1

[Event "Titled Tuesday intern op 09th Aug Late"]
[Site "Chess.com INT"]
[Date "2022.08.09"]
[Round "9"]
[White "Przybylski, Wojciech"]
[Black "Wan, Joseph C"]
[Result "1-0"]
[WhiteElo "2321"]
[BlackElo "2149"]
[PlyCount "133"]
[EventDate "2022.08.09"]
[EventType "swiss (blitz)"]
[EventRounds "11"]
[EventCountry "USA"]
[SourceTitle "EXT 2023"]
[Source "ChessBase"]
[SourceDate "2022.10.05"]
[SourceVersion "1"]
[SourceVersionDate "2022.10.05"]
[SourceQuality "1"]

1. e4 g6 2. d4 Bg7 3. Nc3 d6 4. Nf3 a6 5. a4 b6 6. Be3 Nd7 7. Be2 e6 8. 0-0 Ne7 9. Qd2 h6 10. h3 Bb7 11. Rfe1 Kf8 12. Rad1 Kg8 13. Nh2 Kh7 14. f4 c5 15. Nf3 d5 16. e5 Nf5 17. Bf2 Rc8 18. g4 Nxd4 19. Nxd4 cxd4 20. Bxd4 Qh4 21. Bf1 Nc5 22. Qf2 Qe7 23. f5 gxf5 24. gxf5 Qg5+ 25. Bg2 exf5 26. Rf1 Ne6 27. Qxf5+ Qxf5 28. Rxf5 Kg6 29. Rff1 Rc4 30. Bxb6 Bxe5 31. Nxd5 Re8 32. Ne3 Rb4 33. Ba5 Rxb2 34. Nc4 Bxg2 35. Nxe5+ Kh5 36. Kxg2 Ng5 37. Rf2 Rxe5 38. Bc3 Nxh3 39. Bxe5 Nxf2 40. Kxf2 Rxc2+ 41. Kf3 Ra2 42. Bf4 Ra3+ 43. Ke4 Rxa4+ 44. Kf5 Ra5+ 45. Be5 Ra4 46. Bf4 Ra5+ 47. Be5 Ra4 48. Rh1+ Rh4 49. Ra1 Rc4 50. Rxa6 f6 51. Rxf6 Rc8 52. Rf7 Rg8 53. Rf6 Rg5+ 54. Kf4 Rg4+ 55. Kf5 Rg5+ 56. Ke4 Rg4+ 57. Bf4 Rg8 58. Rxh6+ Kg4 59. Rf6 Re8+ 60. Be5 Kg5 61. Rf2 Kh4 62. Kf5 Rf8+ 63. Bf6+ Kh3 64. Rf4 Kg2 65. Ke4 Re8+ 66. Be5 Kg3 67. Rf8+ 1-0